000 00731nam a22002537a 4500
003 CHAP
005 20220329140744.0
008 971013s1940 r 00010 d
010 _a57125
011 _a58097
035 _a62252
040 _cCHAP
082 _a677.028
_bS45
100 0 0 _aSkinkle, John H.
_9106822
245 _aTextile texting physical, chemical and microscopical
260 _aNew York :
_bChemical Publishing Co.,
_c1940
300 _a267 p.
_b: ilus.
590 _aBATCH-UPD
_b10
_c20130110
_lUCH01
_h1917
590 _aCONVERSION
_b10
_c20130109
_lUCH01
_h1331
650 1 4 _aIndustrias textiles.
_958037
901 _aBK
942 _cLIBRO
949 _a677.028 S45
_bBC
_cBPA
_d-133406
_eBPA
_h25497
_i62252
_si
999 _c57125
_d57125